000 02178nam a2200361 i 4500
001 768714001
003 CO-MdFUSB
005 20260325091302.0
007 ta
008 241001t19831986sp ||||| b||| 001 0 spa d
020 _a8425415098
040 _bspa.
_aCO-MdFUSB
_cCO-MdFUSB
_dCO-MdFUSBC
_erda
041 _aspa
_heng
082 _223
_a231.6
_bW433
100 _aWeissmahr, Béla,
_d1929-2005 ‎
_eautor
240 _aPhilosophische Gotteslehre
245 0 _aTeología natural
_c/ Béla Weissmahr ; traducido por Claudio Gancho
264 1 _aBarcelona, España :
_bHerder,
_c[1986]
264 4 _c©1986
300 _a202 páginas
_c; 20 cm
336 _2rdacontent
_atexto
_btxt
337 _2rdamedia
_asin mediación
_bn
338 _2rdacarrier
_avolumen
_bnc
490 _aCurso fundamental de filosofía
500 _aIncluye índice de nombres, índice analítico, bibliografía.
505 _gParte primera:
_tLas condiciones del conocimiento divino en la capacidad cognitiva del hombre.
_aConcepciones que rechazan el conocimiento racional de Dios. -- ¿Hasta dónde se extiende la experiencia del hombre? -- ¿Se puede hablar de una experiencia de Dios? -- No hay una experiencia explícita de Dios. -- La experiencia trascendental es, en cierto sentido, una experiencia de Dios. -- Consecuencias para el conocimiento explícito de Dios.
_gParte segunda:
_tEl desarrollo metodológico de algunos hechos que señalan a Dios:
_aEl hombre en busca del sentido de la vida. -- El hombre ante la exigencia absoluta de la moralidad. -- El hombre a la búsqueda del fundamento último de todas las cosas. -- El hombre frente al misterio del mundo en evolución. -- Observaciones a la denominada prueba ontológica de Dios.
_gParte tercera:
_tSobre la esencia de Dios:
_a¿Cómo hay que hablar de Dios? -- La trascendencia y la inmanencia de Dios. -- Dios como creador. -- Las consecuencias del ser creado del mundo. -- El mal en el mundo creado por Dios.
563 _aRústica
650 7 _aTeología doctrinal
_9179
650 7 _aFilosofía
_97168
700 _aGancho, Claudio
_98319
_etraductor
942 _cBK
945 _aCatherine Arias Alvarez
999 _c71008
_d71008